|
|
|
|
| LEADER |
00000nam0a2200000 4500 |
| 001 |
303277 |
| 005 |
20231102001604.0 |
| 020 |
|
|
|a RU
|b 83-24913
|
| 035 |
|
|
|a (RuTPU)RU\TPU\book\328498
|
| 090 |
|
|
|a 303277
|
| 100 |
|
|
|a 20150901d1983 k y0rusy5003 ca
|
| 101 |
0 |
|
|a rus
|
| 102 |
|
|
|a RU
|
| 105 |
|
|
|a y z 001zy
|
| 200 |
1 |
|
|a Динамические системы при случайных воздействиях. Простые средства анализа
|f В. Е. Шапиро, В. М. Логинов
|g Академия наук СССР (АН СССР), Сибирское отделение (СО), Институт физики им. Л. В. Киренского (ИФ) ; под ред. Г. М. Заславского
|
| 210 |
|
|
|a Новосибирск
|c Наука
|d 1983
|
| 215 |
|
|
|a 160 с.
|
| 320 |
|
|
|a Библиогр.: с. 157-160
|
| 606 |
1 |
|
|a Динамические системы
|x Математические исследования
|x (динамика)
|2 stltpush
|3 (RuTPU)RU\TPU\subj\69100
|9 84089
|
| 610 |
1 |
|
|a статистические методы
|
| 610 |
1 |
|
|a дифференцирование
|
| 610 |
1 |
|
|a марковские процессы
|
| 610 |
1 |
|
|a случайные воздействия
|
| 610 |
1 |
|
|a стохастические задачи
|
| 610 |
1 |
|
|a статистический анализ
|
| 675 |
|
|
|a 531.3
|z rus
|v 4
|
| 700 |
|
1 |
|a Шапиро
|b В. Е.
|g Владлен Ерахмилевич
|
| 701 |
|
1 |
|a Логинов
|b В. М.
|g Валерий Михайлович
|
| 702 |
|
1 |
|a Заславский
|b Г. М.
|4 340
|
| 712 |
0 |
2 |
|a Академия наук СССР (АН СССР)
|b Сибирское отделение (СО)
|b Институт физики им. Л. В. Киренского (ИФ)
|c (Красноярск)
|2 stltpush
|3 (RuTPU)RU\TPU\col\11386
|
| 801 |
|
0 |
|a RU
|b RuMRKP
|c 19950704
|g psbo
|
| 801 |
|
1 |
|a RU
|b 63413507
|c 20150901
|
| 801 |
|
2 |
|a RU
|b 63413507
|c 20170816
|g RCR
|
| 942 |
|
|
|c BK
|